NLSUI OPAC header image

India independent : Translated from the French by W. A. Caswell. (Record no. 38912)

MARC details
000 -LEADER
fixed length control field 00717nam a2200217Ia 4500
003 - CONTROL NUMBER IDENTIFIER
control field OSt
005 - DATE AND TIME OF LATEST TRANSACTION
control field 20220407160917.0
008 - FIXED-LENGTH DATA ELEMENTS--GENERAL INFORMATION
fixed length control field 160316s1969 xxu||||| |||| 00| 0 eng d
020 ## - INTERNATIONAL STANDARD BOOK NUMBER
International Standard Book Number 9780608158853
040 ## - CATALOGING SOURCE
Transcribing agency n
082 ## - DEWEY DECIMAL CLASSIFICATION NUMBER
Classification number 309.540000
Item number BET
100 ## - MAIN ENTRY--PERSONAL NAME
Personal name Bettelheim Charles
245 ## - TITLE STATEMENT
Title India independent : Translated from the French by W. A. Caswell.
260 ## - PUBLICATION, DISTRIBUTION, ETC.
Place of publication, distribution, etc. New York
Name of publisher, distributor, etc. Monthly Review Press
Date of publication, distribution, etc. 1969
300 ## - PHYSICAL DESCRIPTION
Extent 410p
365 ## - TRADE PRICE
Price amount Gratis
505 ## - FORMATTED CONTENTS NOTE
Formatted contents note Contents<br/>THE YEARS FOLLOWING 1<br/>AGRICULTURAL PRODUCTION AND 8<br/>THE SOCIAL AND ECONOMIC STRUCTURE 17<br/>Copyright
650 ## - SUBJECT ADDED ENTRY--TOPICAL TERM
Topical term or geographic name entry element 1. Economic Policy - 1947 - India 2. Economic Conditions - Politics & Government
700 ## - ADDED ENTRY--PERSONAL NAME
Personal name
--
942 ## - ADDED ENTRY ELEMENTS (KOHA)
Source of classification or shelving scheme Dewey Decimal Classification
Koha item type BOOKs
Holdings
Withdrawn status Lost status Damaged status Not for loan Home library Current library Shelving location Date acquired Total Checkouts Full call number Barcode Date last seen Price effective from Koha item type
        . . Library Compactors 30.05.2017   309.54 BET 32766 30.05.2017 30.05.2017 BOOKs